• 首页
  • 本馆介绍
  • 公告通知
  • 最新文献
  • 馆藏检索
  • 电子资源
  • 读者导购
  • 参考咨询
  • 我的图书馆
  • 登录
  • 详细信息显示
  • 放入我的书架
  • 预约/预借图书
  • 作者相关作品
  • 分类相关作品
  • 丛书相关作品
  • 出版社相关作品

书目信息

  • 表格格式
  • 工作单格式
  • 卡片格式
书名: A dictionary for unit conversion
作者:
分册号:
分册名:
出版地: Washington, D.C. :
 
出版社: George Washington Univ
出版时间: 1975.
页数: 451 p.
开本:
丛书名:
中图分类号:
科图分类号:
其他分类号: TB91-64
主题词:
电子资源:
000 00652nam 2200205 a 4500
001 E0753106984
005 20070727145038.89
008 001 0 eng
008 uu
040    @aNLC
049    @aN5LA
090    @a2G/TB91-64/DU//////////890229/*866976/-77/ cop.2-3/*250730/-32/ cop.4-6
090    @aTB91-64
096    @aTB91-64 @v2
099    @dTB91-64@ex20
245 02 @aA dictionary for unit conversion
260    @aWashington, D.C. :@bGeorge Washington Univ.,@c1975.
300    @a451 p.
700 1  @aChiu, Yishu. @b00 @c20020930 @lNLC09 @h2246 @b00 @c20021018 @lNLC09 @h0034 @lNLC09 @h2304 @lNLC09 @h1855
852 9  @bWWJC @cJ09 @k2G @hTB91-64 @iDU
    
    A dictionary for unit conversion.-Washington, D.C. : : George Washington Univ., , 1975.
    451 p.
    
    
    ISBN
    
●
相关链接 在E读中查询图书 在五车中查询图书 在当当中查询图书 在豆瓣中查询图书


正题名:dictionary for unit conversion     索取号:TB91-64/x20         预约/预借

序号 登录号 条形码 馆藏地/架位号 状态 备注
1 13803   300138036   第二样本阅览室/ [索取号:TB91-64/x20] 在馆    
唐山师范学院图书馆 欢迎您!
大连网信软件有限公司© 版权所有